Cinderella / (Record no. 200478)
[ view plain ]
| 000 -LEADER | |
|---|---|
| fixed length control field | 05400cgm a2201045Ii 4500 |
| 001 - CONTROL NUMBER | |
| control field | ocn911559704 |
| 003 - CONTROL NUMBER IDENTIFIER | |
| control field | OCoLC |
| 005 - DATE AND TIME OF LATEST TRANSACTION | |
| control field | 20241220163824.0 |
| 007 - PHYSICAL DESCRIPTION FIXED FIELD--GENERAL INFORMATION | |
| fixed length control field | vd cvaizk |
| 008 - FIXED-LENGTH DATA ELEMENTS--GENERAL INFORMATION | |
| fixed length control field | 150624s2015 cau105 j vleng d |
| 040 ## - CATALOGING SOURCE | |
| Original cataloging agency | LPU |
| Language of cataloging | eng |
| Description conventions | rda |
| Transcribing agency | LPU |
| Modifying agency | TEF |
| -- | CLE |
| -- | TRACS |
| -- | BDX |
| -- | NZAUC |
| -- | PX0 |
| -- | GK8 |
| -- | OJ4 |
| -- | IK2 |
| -- | OCLCO |
| -- | GL9 |
| -- | IEP |
| -- | OCLCO |
| -- | GO4 |
| -- | UINTA |
| 019 ## - | |
| -- | 910711926 |
| 024 10 - OTHER STANDARD IDENTIFIER | |
| Standard number or code | 786936842869 |
| 028 42 - PUBLISHER NUMBER | |
| Publisher number | 12334800 |
| Source | Buena Vista Home Entertainment |
| -- | (container) |
| 028 42 - PUBLISHER NUMBER | |
| Publisher number | 8038094 |
| Source | Buena Vista Home Entertainment |
| -- | (disc) |
| 029 1# - (OCLC) | |
| OCLC library identifier | NZ1 |
| System control number | 15997979 |
| 029 1# - (OCLC) | |
| OCLC library identifier | NZ1 |
| System control number | 16030874 |
| 035 ## - SYSTEM CONTROL NUMBER | |
| System control number | (OCoLC)911559704 |
| Canceled/invalid control number | (OCoLC)910711926 |
| 041 1# - LANGUAGE CODE | |
| Language code of text/sound track or separate title | eng |
| -- | fre |
| -- | spa |
| -- | eng |
| -- | fre |
| -- | spa |
| Language code of original and/or intermediate translations of text | eng |
| 044 ## - COUNTRY OF PUBLISHING/PRODUCING ENTITY CODE | |
| MARC country code | cau |
| -- | xxk |
| 050 #4 - LIBRARY OF CONGRESS CALL NUMBER | |
| Classification number | PN1997.2 |
| Item number | .C56 2015 |
| 082 04 - DEWEY DECIMAL CLASSIFICATION NUMBER | |
| Classification number | 791.43/72 |
| Edition number | 23 |
| 049 ## - LOCAL HOLDINGS (OCLC) | |
| Holding library | UCLB |
| 130 0# - MAIN ENTRY--UNIFORM TITLE | |
| Uniform title | Cinderella (Motion picture : 2015) |
| 9 (RLIN) | 5690462 |
| 245 10 - TITLE STATEMENT | |
| Title | Cinderella / |
| Statement of responsibility, etc | Disney presents an Allison Shearmur/Beaglepug/Kinberg Genre production ; produced by Simon Kinberg, Allison Shearmur, David Barron ; screenplay by Chris Weitz ; directed by Kenneth Branagh. |
| 257 ## - COUNTRY OF PRODUCING ENTITY FOR ARCHIVAL FILMS | |
| Country of producing entity | United States |
| -- | Great Britain |
| -- | naf |
| 264 #1 - Production, Publication, Distribution, Manufacture, and Copyright Notice. | |
| Place of production, publication, distribution, manufacture | Burbank, Calif. : |
| Name of producer, publisher, distributor, manufacturer | Buena Vista Home Entertainment, |
| Date of production, publication, distribution, manufacture, or copyr | [2015] |
| 300 ## - PHYSICAL DESCRIPTION | |
| Extent | 1 videodisc (approximately 105 min.) : |
| Other physical details | sound, color ; |
| Dimensions | 4 3/4 in. |
| 336 ## - Content Type | |
| Content type term | two-dimensional moving image |
| 337 ## - Media type | |
| Media type term | video |
| 338 ## - Carrier type | |
| Carrier type term | videodisc |
| 340 ## - PHYSICAL MEDIUM | |
| Dimensions | 4 3/4 in. |
| -- | rda |
| 344 ## - | |
| -- | digital |
| -- | optical |
| -- | surround |
| -- | Dolby Digital 5.1 |
| -- | rda |
| 344 ## - | |
| -- | digital |
| -- | optical |
| -- | stereo |
| -- | Dolby Digital 2.0 |
| -- | rda |
| 345 ## - | |
| -- | widescreen (2.39:1) |
| -- | 24 fps |
| -- | rda |
| 346 ## - | |
| -- | NTSC |
| -- | rda |
| 347 ## - | |
| -- | video file |
| -- | DVD video |
| -- | Region 1 |
| -- | rda |
| 380 ## - | |
| -- | Motion picture |
| 490 1# - SERIES STATEMENT | |
| Series statement | Disney DVD |
| 538 ## - SYSTEM DETAILS NOTE | |
| System details note | DVD, NTSC, region 1, widescreen (2.39:1) presentation; Dolby Digital 5.1 surround (English, French, Spanish), Dolby Digital 2.0 (Descriptive audio). |
| 546 ## - LANGUAGE NOTE | |
| Language note | In English, dubbed French, or dubbed Spanish; French or Spanish subtitles; English subtitles for the deaf and hard-of-hearing (SDH); English descriptive audio track for people with visual disabilities. |
| 588 0# - | |
| -- | Title from disc surface. |
| 511 1# - PARTICIPANT OR PERFORMER NOTE | |
| Participant or performer note | Lily James, Cate Blanchett, Richard Madden, Helena Bonham Carter, Stellan Skarsg�ard, Holliday Grainger, Sophie McShera, Nonso Anozie, Derek Jacobi. |
| 508 ## - CREATION/PRODUCTION CREDITS NOTE | |
| Creation/production credits note | Music, Patrick Doyle ; costume designer, Sandy Powell ; film editor, Martin Walsh ; production designer, Dante Ferretti ; director of photography, Haris Zambarloukos. |
| 500 ## - GENERAL NOTE | |
| General note | Originally released as a motion picture in 2015. |
| 500 ## - GENERAL NOTE | |
| General note | Widescreen (2.39:1). |
| 521 8# - TARGET AUDIENCE NOTE | |
| Target audience note | MPAA Rating: PG; for mild thematic elements. |
| 520 ## - SUMMARY, ETC. | |
| Summary, etc | When her father unexpectedly passes away, young Ella finds herself at the mercy of her cruel stepmother and her daughters. Never one to give up hope, Ella's fortunes begin to change after meeting a dashing stranger. |
| 500 ## - GENERAL NOTE | |
| General note | Special features: "Frozen fever" theatrical short; Ella's furry friends: see how the animal stars honed their memorable performances. |
| 650 #0 - SUBJECT ADDED ENTRY--TOPICAL TERM | |
| Topical term or geographic name as entry element | Cinderella (Legendary character) |
| Form subdivision | Drama. |
| 9 (RLIN) | 6502183 |
| 650 #0 - SUBJECT ADDED ENTRY--TOPICAL TERM | |
| Topical term or geographic name as entry element | Princesses |
| Form subdivision | Drama. |
| 9 (RLIN) | 5698097 |
| 650 #0 - SUBJECT ADDED ENTRY--TOPICAL TERM | |
| Topical term or geographic name as entry element | Fairy godmothers |
| Form subdivision | Drama. |
| 9 (RLIN) | 5698096 |
| 650 #0 - SUBJECT ADDED ENTRY--TOPICAL TERM | |
| Topical term or geographic name as entry element | Stepmothers |
| Form subdivision | Drama. |
| 9 (RLIN) | 5805082 |
| 650 #0 - SUBJECT ADDED ENTRY--TOPICAL TERM | |
| Topical term or geographic name as entry element | Balls (Parties) |
| Form subdivision | Drama. |
| 9 (RLIN) | 6374015 |
| 655 #7 - INDEX TERM--GENRE/FORM | |
| Genre/form data or focus term | Children's films. |
| Source of term | lcgft |
| 655 #7 - INDEX TERM--GENRE/FORM | |
| Genre/form data or focus term | Fiction films. |
| Source of term | lcgft |
| 655 #7 - INDEX TERM--GENRE/FORM | |
| Genre/form data or focus term | Fantasy films. |
| Source of term | lcgft |
| 655 #7 - INDEX TERM--GENRE/FORM | |
| Genre/form data or focus term | Feature films. |
| Source of term | lcgft |
| 655 #7 - INDEX TERM--GENRE/FORM | |
| Genre/form data or focus term | Video recordings for the hearing impaired. |
| Source of term | lcgft |
| 655 #7 - INDEX TERM--GENRE/FORM | |
| Genre/form data or focus term | Video recordings for people with visual disabilities. |
| Source of term | lcgft |
| 9 (RLIN) | 5676923 |
| 700 1# - ADDED ENTRY--PERSONAL NAME | |
| Personal name | Branagh, Kenneth, |
| Relator term | film director. |
| 9 (RLIN) | 75479 |
| 700 1# - ADDED ENTRY--PERSONAL NAME | |
| Personal name | Weitz, Chris, |
| Dates associated with a name | 1969- |
| Relator term | screenwriter. |
| 9 (RLIN) | 5690461 |
| 700 1# - ADDED ENTRY--PERSONAL NAME | |
| Personal name | Kinberg, Simon, |
| Relator term | film producer. |
| 9 (RLIN) | 53018 |
| 700 1# - ADDED ENTRY--PERSONAL NAME | |
| Personal name | Shearmur, Allison, |
| Relator term | film producer. |
| 9 (RLIN) | 5902520 |
| 700 1# - ADDED ENTRY--PERSONAL NAME | |
| Personal name | Barron, David |
| Titles and other words associated with a name | (Film producer), |
| Relator term | film producer. |
| 9 (RLIN) | 5902521 |
| 700 1# - ADDED ENTRY--PERSONAL NAME | |
| Personal name | James, Lily, |
| Dates associated with a name | 1989- |
| Relator term | actor. |
| 9 (RLIN) | 5902522 |
| 700 1# - ADDED ENTRY--PERSONAL NAME | |
| Personal name | Blanchett, Cate, |
| Dates associated with a name | 1969- |
| Relator term | actor. |
| 9 (RLIN) | 76741 |
| 700 1# - ADDED ENTRY--PERSONAL NAME | |
| Personal name | Madden, Richard, |
| Dates associated with a name | 1986- |
| Relator term | actor. |
| 9 (RLIN) | 5902523 |
| 700 1# - ADDED ENTRY--PERSONAL NAME | |
| Personal name | Bonham Carter, Helena, |
| Dates associated with a name | 1966- |
| Relator term | actor. |
| 9 (RLIN) | 39418 |
| 700 1# - ADDED ENTRY--PERSONAL NAME | |
| Personal name | Skarsg�ard, Stellan, |
| Relator term | actor. |
| 9 (RLIN) | 5811221 |
| 700 1# - ADDED ENTRY--PERSONAL NAME | |
| Personal name | Grainger, Holly, |
| Dates associated with a name | 1988- |
| Relator term | actor. |
| 9 (RLIN) | 5902524 |
| 700 1# - ADDED ENTRY--PERSONAL NAME | |
| Personal name | McShera, Sophie, |
| Relator term | actor. |
| 9 (RLIN) | 5809346 |
| 700 1# - ADDED ENTRY--PERSONAL NAME | |
| Personal name | Anozie, Nonso, |
| Dates associated with a name | 1979- |
| Relator term | actor. |
| 9 (RLIN) | 5902525 |
| 700 1# - ADDED ENTRY--PERSONAL NAME | |
| Personal name | Jacobi, Derek, |
| Relator term | actor. |
| 9 (RLIN) | 59579 |
| 700 1# - ADDED ENTRY--PERSONAL NAME | |
| Personal name | Doyle, Patrick, |
| Dates associated with a name | 1953- |
| Relator term | composer (expression) |
| 9 (RLIN) | 63577 |
| 700 1# - ADDED ENTRY--PERSONAL NAME | |
| Personal name | Powell, Sandy, |
| Relator term | costume designer. |
| 9 (RLIN) | 5902526 |
| 700 1# - ADDED ENTRY--PERSONAL NAME | |
| Personal name | Walsh, Martin, |
| Relator term | film editor. |
| 9 (RLIN) | 66779 |
| 700 1# - ADDED ENTRY--PERSONAL NAME | |
| Personal name | Ferretti, Dante, |
| Dates associated with a name | 1943- |
| Relator term | production designer. |
| 9 (RLIN) | 70374 |
| 700 1# - ADDED ENTRY--PERSONAL NAME | |
| Personal name | Zambarloukos, Haris, |
| Dates associated with a name | 1970- |
| Relator term | cinematographer. |
| 9 (RLIN) | 5902527 |
| 710 2# - ADDED ENTRY--CORPORATE NAME | |
| Corporate name or jurisdiction name as entry element | Walt Disney Pictures, |
| Relator term | production company. |
| 710 2# - ADDED ENTRY--CORPORATE NAME | |
| Corporate name or jurisdiction name as entry element | Beaglepug (Firm), |
| Relator term | production company. |
| 9 (RLIN) | 5902528 |
| 710 2# - ADDED ENTRY--CORPORATE NAME | |
| Corporate name or jurisdiction name as entry element | Kinberg Genre (Firm), |
| Relator term | production company. |
| 9 (RLIN) | 5902529 |
| 710 2# - ADDED ENTRY--CORPORATE NAME | |
| Corporate name or jurisdiction name as entry element | Buena Vista Home Entertainment (Firm), |
| Relator term | distributor. |
| 9 (RLIN) | 64615 |
| 730 0# - ADDED ENTRY--UNIFORM TITLE | |
| -- | Container of (expression): |
| Uniform title | Cinderella (Motion picture : 2015). |
| Language of a work | French. |
| 9 (RLIN) | 6395470 |
| 730 0# - ADDED ENTRY--UNIFORM TITLE | |
| -- | Container of (expression): |
| Uniform title | Cinderella (Motion picture : 2015). |
| Language of a work | Spanish. |
| 9 (RLIN) | 6395469 |
| 730 02 - ADDED ENTRY--UNIFORM TITLE | |
| -- | Container of (work): |
| Uniform title | Frozen fever (Motion picture) |
| 9 (RLIN) | 5811551 |
| 830 #0 - SERIES ADDED ENTRY--UNIFORM TITLE | |
| Uniform title | Disney DVD. |
| 9 (RLIN) | 70029 |
| 938 ## - | |
| -- | Brodart |
| -- | BROD |
| -- | 112414206 |
| 994 ## - | |
| -- | C0 |
| -- | UINTA |
| Withdrawn status | Lost status | Source of classification or shelving scheme | Damaged status | Not for loan | Collection code | Home library | Current library | Shelving location | Date acquired | Source of acquisition | Cost, normal purchase price | Total Checkouts | Total Renewals | Full call number | Barcode | Date last seen | Date checked out | Cost, replacement price | Price effective from | Koha item type |
|---|---|---|---|---|---|---|---|---|---|---|---|---|---|---|---|---|---|---|---|---|
| Dewey Decimal Classification | Movies | Wasatch County Library | Wasatch County Library | Audio Visual Area | 10/14/2015 | Amazon | 15.95 | 163 | 44 | DVD Cin | 34301001444332 | 02/03/2026 | 01/23/2026 | 15.95 | 03/20/2020 | DVD |
